000 00444nam a22001577a 4500
003 OSt
005 20120302150646.0
008 090729t xxu||||| |||| 00| 0 eng d
035 _a९६०४
040 _cमराठी
100 _aगडकर, गजेंद्र
_97760
222 _aकलावंत / कलाकार
245 _aगुणी कलावंत
300 _b८५ पाने
942 _2ddc
_cBOOK
999 _c492693
_d492690